01056cam a2200289 a 450000100100000000500170001000800410002702000150006804000250008308200240010810000510013224000270018324501460021025000110035626000370036730000260040450400420043050500580047265000160053065000330054665000210057970000330060070000510063370000360068474000180072074000280073800000095520200929145442.0740304s1974 paua b 001 0 eng  a072161843X aDO-SdBNPbspacBNPHU a616.39bD911d, 19741 aDuncan, Garfield G.q(Garfield George),d1901-10aDiseases of metabolism10aDuncan's Diseases of metabolism /cwith contributions by Margaret J. Albrink... [et al.] / editado por Philip K. Bondy and Leon E. Rosenberg. a7a ed. aPhiladelphia :bSaunders,c1974. a2 v. :bil. ;c27 cm. aIncluye referencias bibliográficas.0 av. 1. Endocrinology -- v. 2. Genetics and metabolism. 4aMetabolismo 4aDesórdenes del metabolismo 4aEndocrinología1 aAlbrink, Margaret J.,d1920-1 aBondy, Philip K.q(Philip Kramer),d1917-eed.1 aRosenberg, Leon E.,d1933-eed.02aEndocrinology02aDiseases of metabolism.